Language as Identity in Colonial India Policies and Politics /

This book is a systematic narrative, tracking the colonial language policies and acts responsible for the creation of a sense of "self-identity" and culminating in the evolution of nationalistic fervor in colonial India. British policy on language for administrative use and as a weapon to...

Full description

Bibliographic Details
Main Author: Sengupta, Papia (Author, http://id.loc.gov/vocabulary/relators/aut)
Corporate Author: SpringerLink (Online service)
Format: Electronic eBook
Language:English
Published: Singapore : Springer Singapore : Imprint: Palgrave Macmillan, 2018.
Edition:1st ed. 2018.
Subjects:
Online Access:Full Text via HEAL-Link
LEADER 03230nam a2200505 4500
001 978-981-10-6844-7
003 DE-He213
005 20191022112558.0
007 cr nn 008mamaa
008 171116s2018 si | s |||| 0|eng d
020 |a 9789811068447  |9 978-981-10-6844-7 
024 7 |a 10.1007/978-981-10-6844-7  |2 doi 
040 |d GrThAP 
050 4 |a JQ1-1852 
072 7 |a JP  |2 bicssc 
072 7 |a POL054000  |2 bisacsh 
072 7 |a JP  |x 1F  |2 thema 
082 0 4 |a 320.95  |2 23 
100 1 |a Sengupta, Papia.  |e author.  |4 aut  |4 http://id.loc.gov/vocabulary/relators/aut 
245 1 0 |a Language as Identity in Colonial India  |h [electronic resource] :  |b Policies and Politics /  |c by Papia Sengupta. 
250 |a 1st ed. 2018. 
264 1 |a Singapore :  |b Springer Singapore :  |b Imprint: Palgrave Macmillan,  |c 2018. 
300 |a XXI, 120 p.  |b online resource. 
336 |a text  |b txt  |2 rdacontent 
337 |a computer  |b c  |2 rdamedia 
338 |a online resource  |b cr  |2 rdacarrier 
347 |a text file  |b PDF  |2 rda 
520 |a This book is a systematic narrative, tracking the colonial language policies and acts responsible for the creation of a sense of "self-identity" and culminating in the evolution of nationalistic fervor in colonial India. British policy on language for administrative use and as a weapon to rule led to the parallel development of Indian vernaculars: poets, novelists, writers and journalists produced great and fascinating work that conditioned and directed India's path to independence. The book presents a theoretical proposition arguing that language as identity is a colonial construct in India, and demonstrates this by tracing the events, policies and changes that led to the development and churning up of Indian national sentiments and attitudes. It is a testimony of India's linguistic journey from a British colony to a modern state. Demonstrating that language as basis of identity was a colonial construct in modern India, the book asserts that any in-depth understanding of identity and politics in contemporary India remains incomplete without looking at colonial policies on language and education, from which the multiple discourses on "self" and belonging in modern India emanated.  . 
650 0 |a Asia-Politics and government. 
650 0 |a Language policy. 
650 0 |a Languages. 
650 0 |a Language and languages. 
650 0 |a Historical linguistics. 
650 1 4 |a Asian Politics.  |0 http://scigraph.springernature.com/things/product-market-codes/911110 
650 2 4 |a Language Policy and Planning.  |0 http://scigraph.springernature.com/things/product-market-codes/N64000 
650 2 4 |a Asian Languages.  |0 http://scigraph.springernature.com/things/product-market-codes/N15000 
650 2 4 |a Language History.  |0 http://scigraph.springernature.com/things/product-market-codes/N61000 
710 2 |a SpringerLink (Online service) 
773 0 |t Springer eBooks 
776 0 8 |i Printed edition:  |z 9789811068430 
776 0 8 |i Printed edition:  |z 9789811068454 
776 0 8 |i Printed edition:  |z 9789811349591 
856 4 0 |u https://doi.org/10.1007/978-981-10-6844-7  |z Full Text via HEAL-Link 
912 |a ZDB-2-POS 
950 |a Political Science and International Studies (Springer-41174)